ASOIAF: Princes and princesses Quiz Stats

 Plays Quiz not verified by Sporcle

Also try: ASOIAF: Sellswords
Challenge
Share
Tweet
Embed
Score 0/25 Timer 05:00
3 Plays Today
Order Character % Correct
5Joffrey Baratheon
97.3%
7Tommen Baratheon
97%
13Myrcella Baratheon
96.9%
2Daenerys Targaryen
96.2%
3Sansa Stark
92.3%
1Arya Stark
92%
14Viserys Targaryen
91.5%
4Bran Stark
91.3%
12Rhaegar Targaryen
89.5%
16Rickon Stark
88.6%
19Aegon 'Young Griff' Targaryen
84.7%
15Oberyn Martell
84%
17Arianne Martell
83.6%
Order Character % Correct
18Doran Martell
83.6%
6Theon Greyjoy
81.6%
8Asha Greyjoy
80.2%
10Quentyn Martell
80.1%
22Shireen Baratheon
80%
20Elia Martell
76.1%
11Aerys II Targaryen
73.8%
9Maester Aemon
61.5%
24Aemon the Dragonknight
61.5%
25Rhaenys Targaryen
54.3%
21Baelor Targaryen
47.6%
23Tattered Prince
17.8%

You're not logged in!

Compare scores with friends on all Sporcle quizzes.
Join for Free
OR
Log In

You Might Also Like...

Show Comments

Extras

Top Quizzes Today


Score Distribution

Your Account Isn't Verified!

In order to create a playlist on Sporcle, you need to verify the email address you used during registration. Go to your Sporcle Settings to finish the process.

Report this User

Report this user for behavior that violates our Community Guidelines.

Details: